000
00409nam a2200145Ia 4500
008
230718s9999 xx 000 0 und d
041
_a
Eng.
082
_a
820.72
_b
آزا-ا
100
_a
آزاد مولانا ابوالکلام
245
0
_a
انسا سنت موشک کروائے ہیں
260
_a
Pakistan
_b
سنگ میل پلی کشنتر
_c
سود
300
_a
607
650
_a
Law
999
_c
28870
_d
28870